[Event "NED-ch 2002 sf"]
[Site "Leeuwarden"]
[Date "2001.11.18"]
[Round "1.5"]
[White "Span, Paul"]
[Black "Van der Weide, Karel"]
[Result "1/2-1/2"]
[WhiteElo "2223"]
[BlackElo "2457"]
[PlyCount "200"]
[EventDate "2001.11.17"]

1. e4 c5 2. c3 Nf6 3. e5 Nd5 4. d4 cxd4 5. Nf3 Nc6 6. cxd4 d6 7. Bc4 Nb6 8. Bb5
dxe5 9. Nxe5 Bd7 10. Nxd7 Qxd7 11. O-O Rd8 12. Be3 e6 13. Qg4 h5 14. Qf3 Qd5
15. Qxd5 Nxd5 16. Nc3 Bb4 17. Rac1 Nde7 18. Ne4 O-O 19. a3 Nxd4 20. Bxd4 Rxd4
21. Ng3 Ba5 22. Nxh5 Rd5 23. Be2 Rd2 24. Bf3 Rxb2 25. Rb1 Rxb1 26. Rxb1 b6 27.
Rd1 Rc8 28. g3 Ng6 29. Be4 Nf8 30. Nf4 Bc3 31. Rc1 Rc7 32. Nd3 Be5 33. Rxc7
Bxc7 34. Nb4 Bd6 35. Nc6 Bxa3 36. Nxa7 Nd7 37. Nb5 Bc5 38. Kg2 Ne5 39. h4 f5
40. Bc2 Ng4 41. Bb3 Kf7 42. Nc7 Bxf2 43. Nxe6 Kf6 44. Nc7 Bc5 45. Ne8+ Kg6 46.
Kf3 Ne5+ 47. Kf4 Nd3+ 48. Kf3 b5 49. Nc7 b4 50. Nd5 Nc1 51. Bc2 b3 52. Bb1 b2
53. g4 Nb3 54. Bxf5+ Kf7 55. Nc3 Bb4 56. Nb1 Be1 57. h5 Kf6 58. Kf4 Bd2+ 59.
Kf3 Bb4 60. Ke3 Bc5+ 61. Kd3 Nd4 62. Bc8 Nf3 63. Ke4 Ng5+ 64. Kf4 Bd6+ 65. Ke3
Ke5 66. Bf5 Be7 67. Nc3 Nf7 68. Kd3 Nd6 69. Bd7 Bf6 70. Nb1 Kf4 71. Kc2 Nc4 72.
Bc8 Ne3+ 73. Kb3 Nxg4 74. Bd7 Kg5 75. Be8 Ne3 76. Ka2 Nf5 77. Na3 Nd6 78. Bg6
Kh6 79. Kb3 Kg5 80. Kc2 Nf5 81. Nc4 Ng3 82. Nxb2 Bxb2 83. Kxb2 Nxh5 84. Be4 Nf6
85. Bc6 Kf4 86. Kc2 g5 87. Kd2 Kg3 88. Bb7 Kf2 89. Bc8 Ne4+ 90. Kd3 Nd6 91. Be6
Kf3 92. Bd7 Nf7 93. Kd2 Ne5 94. Bc8 Kf2 95. Be6 Ng6 96. Bc8 Nf4 97. Bf5 Kf3 98.
Bc8 Ng2 99. Bd7 Ne3 100. Ke1 Kf4 1/2-1/2

[Event "NED-ch 2002 sf"]
[Site "Leeuwarden"]
[Date "2001.11.18"]
[Round "1.2"]
[White "Sturm, Pieter"]
[Black "Nijboer, Friso"]
[Result "0-1"]
[WhiteElo "2562"]
[BlackElo "2006"]
[PlyCount "88"]
[EventDate "2001.11.17"]

1. Nc3 d5 2. e4 d4 3. Nce2 e5 4. Ng3 Be6 5. c3 c5 6. Bb5+ Nd7 7. Nf3 f6 8. Qe2
Ne7 9. O-O Rc8 10. Bc4 Bxc4 11. Qxc4 Nb6 12. Qb5+ Qd7 13. Qxd7+ Kxd7 14. d3 Nc6
15. c4 g6 16. Ne1 Bd6 17. Bd2 Na8 18. a3 Nc7 19. Ne2 a6 20. g3 b5 21. cxb5 axb5
22. b3 f5 23. f4 fxe4 24. dxe4 Rhe8 25. Nd3 exf4 26. Bxf4 Rxe4 27. Bxd6 Kxd6
28. Rf6+ Re6 29. Raf1 c4 30. bxc4 bxc4 31. Nb4 Nxb4 32. axb4 d3 33. Nc3 Rxf6
34. Rxf6+ Ke5 35. Rf4 Ne6 36. Re4+ Kf6 37. Kf2 Ng5 38. Rf4+ Ke6 39. Ke3 Nf7 40.
Ne4 Ne5 41. Kd4 c3 42. Rf6+ Ke7 43. Kxe5 c2 44. Nc5 Rf8 0-1

[Event "NED-ch 2002 sf"]
[Site "Leeuwarden"]
[Date "2001.11.18"]
[Round "1.2"]
[White "Delemarre, Jop"]
[Black "Hendriks, Willy"]
[Result "1/2-1/2"]
[WhiteElo "2426"]
[BlackElo "2372"]
[PlyCount "137"]
[EventDate "2001.11.17"]

1. d4 d6 2. Nf3 g6 3. c3 Bg7 4. Bg5 h6 5. Bh4 f5 6. e3 g5 7. Bg3 Nf6 8. Qb3 e6
9. Bd3 Qe7 10. h3 b6 11. Nbd2 Bb7 12. O-O-O Nbd7 13. Rde1 O-O-O 14. e4 f4 15.
Bh2 Kb8 16. Qa3 Rhe8 17. Nb3 d5 18. Qxe7 Rxe7 19. e5 Ne4 20. Re2 c5 21. Nbd2
Nxd2 22. Kxd2 Kc7 23. b4 Bf8 24. Rb1 Rg7 25. g3 fxg3 26. fxg3 Be7 27. g4 Nf8
28. Rf2 Rf7 29. Ke3 Bc6 30. Bg1 Rb8 31. bxc5 bxc5 32. Rxb8 Kxb8 33. Rb2+ Kc7
34. Ke2 Nd7 35. Bf2 c4 36. Bc2 Nb6 37. Be1 Rf8 38. Bd2 Be8 39. Rb1 Bd7 40. h4
gxh4 41. Bxh6 Rh8 42. g5 Bf8 43. Nxh4 Be8 44. Bxf8 Rxh4 45. Rf1 Rg4 46. Be7 Rg3
47. Rf8 Kd7 48. Bf6 Rxc3 49. Bh7 Rg3 50. Rg8 c3 51. g6 Rg2+ 52. Kd1 Nc4 53. g7
Ne3+ 54. Ke1 Bh5 55. Rd8+ Kc7 56. Rc8+ Kxc8 57. g8=Q+ Rxg8 58. Bxg8 Nc2+ 59.
Kf2 Kd7 60. Bh7 Nxd4 61. Ke3 Nc6 62. Kd3 d4 63. Be4 Bg4 64. Bxc6+ Kxc6 65. Kxd4
c2 66. Bg5 Kb5 67. Bc1 Kb4 68. Bb2 Bf5 69. Bc1 1/2-1/2

[Event "NED-ch 2002 sf"]
[Site "Leeuwarden"]
[Date "2001.11.18"]
[Round "1.2"]
[White "Dambacher, Martijn"]
[Black "Bosch, Jeroen"]
[Result "1/2-1/2"]
[WhiteElo "2249"]
[BlackElo "2454"]
[PlyCount "161"]
[EventDate "2001.11.17"]

1. e4 c5 2. Nf3 d6 3. d4 cxd4 4. Nxd4 Nf6 5. Nc3 a6 6. f4 e5 7. Nf3 Nbd7 8. a4
Be7 9. Bd3 O-O 10. O-O exf4 11. Kh1 Nh5 12. Ne1 Ne5 13. Be2 Nf6 14. Bxf4 Be6
15. Qd4 Qc7 16. Nd3 Ng6 17. Bg3 Rad8 18. Rad1 Qc8 19. h3 d5 20. e5 Ne4 21. Be1
Nxc3 22. Qxc3 d4 23. Qd2 Qc7 24. Bg3 Rc8 25. Bf3 b5 26. axb5 axb5 27. Rf2 h6
28. Re2 Nh4 29. Bxh4 Bxh4 30. Qf4 Be7 31. Qxd4 Rfd8 32. Qe4 Qc4 33. b3 Qxe4 34.
Bxe4 Rc7 35. Ra1 g5 36. Ra5 b4 37. Ra8 Rxa8 38. Bxa8 Ra7 39. Bc6 Ra2 40. Rf2
Kg7 41. Bb5 g4 42. Kh2 gxh3 43. gxh3 Ra5 44. Bc4 Bxc4 45. bxc4 Ra3 46. c5 Rc3
47. Nxb4 Bxc5 48. Rg2+ Kf8 49. Nd3 Bd4 50. Re2 Ke7 51. Kg3 Ke6 52. Kf4 Bb6 53.
Kg4 Rc4+ 54. Nf4+ Ke7 55. Kf5 Ba5 56. Nd5+ Kf8 57. Rg2 Bd8 58. c3 Rh4 59. Ra2
Bg5 60. Ra8+ Kg7 61. Rc8 Rxh3 62. c4 Rh4 63. Rc7 Kf8 64. Rc8+ Kg7 65. e6 fxe6+
66. Kxe6 Rh1 67. c5 Bh4 68. Rc7+ Kg6 69. Nf4+ Kg5 70. Rf7 Bg3 71. Rf5+ Kg4 72.
Nd3 Rd1 73. Rd5 Ra1 74. c6 h5 75. Ne5+ Bxe5 76. Kxe5 Rc1 77. Kd6 Rxc6+ 78. Kxc6
h4 79. Rd1 h3 80. Kd5 Kf3 81. Rd3+ 1/2-1/2

[Event "NED-ch 2002 sf"]
[Site "Leeuwarden"]
[Date "2001.11.18"]
[Round "1.2"]
[White "Blokhuis, Jeroen"]
[Black "De Vreugt, Dennis"]
[Result "1-0"]
[WhiteElo "2321"]
[BlackElo "2437"]
[PlyCount "149"]
[EventDate "2001.11.17"]

1. e4 c5 2. Nf3 Nc6 3. d4 cxd4 4. Nxd4 Nf6 5. Nc3 e5 6. Ndb5 d6 7. Bg5 a6 8.
Na3 b5 9. Bxf6 gxf6 10. Nd5 f5 11. Bd3 Be6 12. c3 Bg7 13. Qh5 O-O 14. f3 h6 15.
Nc2 Qg5 16. Qxg5 hxg5 17. Nce3 fxe4 18. fxe4 Rfb8 19. a3 Ra7 20. g4 Ne7 21.
Nxe7+ Rxe7 22. Bb1 Bf6 23. Ba2 Kg7 24. Kf2 Rd7 25. Kf3 Bd8 26. Bd5 Bb6 27. Nf1
Bxd5 28. exd5 Rc8 29. Re1 Kg6 30. Ng3 Rc5 31. Nf5 Rxd5 32. Rd1 e4+ 33. Kxe4
Re5+ 34. Kf3 d5 35. h4 gxh4 36. Nxh4+ Kf6 37. Nf5 Ke6 38. Rh8 Rd8 39. Rh7 Rf8
40. Rdh1 Kd7 41. R1h6 Re6 42. Rxe6 Kxe6 43. Rh6+ f6 44. Rh7 Rf7 45. Rh8 Kd7 46.
Kg3 Kc6 47. Kh4 Kc5 48. Kh5 Rd7 49. Kg6 Rd8 50. Rh3 Rg8+ 51. Ng7 Kc4 52. Kf7
Rc8 53. Ne6 Kb3 54. c4+ Kxb2 55. cxd5 Rc3 56. Rxc3 Kxc3 57. d6 Kb3 58. Kxf6
Kxa3 59. d7 b4 60. Nc5 a5 61. g5 a4 62. g6 b3 63. Ne4 b2 64. Nd2 Ka2 65. g7
Bd4+ 66. Ke7 Bxg7 67. d8=Q Bc3 68. Qd5+ Ka1 69. Qh1+ Ka2 70. Qb1+ Ka3 71. Ne4
Bb4+ 72. Kd7 Kb3 73. Kc6 a3 74. Kb5 a2 75. Qd3+ 1-0

[Event "NED-ch 2002 sf"]
[Site "Leeuwarden"]
[Date "2001.12.07"]
[Round "2.1"]
[White "Van Mil, Johan"]
[Black "Jonkman, Harmen"]
[Result "0-1"]
[WhiteElo "2416"]
[BlackElo "2491"]
[PlyCount "78"]
[EventDate "2001.11.17"]

1. g3 d5 2. Bg2 c6 3. d3 Bg4 4. h3 Bf5 5. Nd2 e5 6. e4 dxe4 7. dxe4 Be6 8. Ngf3
Bc5 9. Qe2 f6 10. Nb3 Bb6 11. Nfd2 Nd7 12. Nc4 Bc7 13. a4 Ne7 14. Bf3 Nc8 15.
Bg4 Qe7 16. O-O Nd6 17. Nxd6+ Bxd6 18. Rd1 Nc5 19. Na5 Bc7 20. Nc4 Bxg4 21.
hxg4 Ne6 22. c3 O-O 23. b3 Rfd8 24. Ba3 Qe8 25. Ne3 Ng5 26. Kg2 Qe6 27. Nc4 b5
28. axb5 cxb5 29. Nd2 Qc6 30. c4 bxc4 31. bxc4 Ba5 32. Nb3 Bc3 33. Rxd8+ Rxd8
34. Rc1 Nxe4 35. f3 Bd2 36. Qxe4 Qxe4 37. fxe4 Bxc1 38. Bxc1 Rd3 39. Na5 Rc3
0-1

[Event "NED-ch 2002 sf"]
[Site "Leeuwarden"]
[Date "2001.12.08"]
[Round "2.1"]
[White "Visser, Yge"]
[Black "Tondivar, Babak"]
[Result "1-0"]
[WhiteElo "2453"]
[BlackElo "2328"]
[PlyCount "39"]
[EventDate "2001.11.17"]

1. e4 e6 2. d4 d5 3. e5 b6 4. Nh3 Ne7 5. c3 Qd7 6. Nf4 c5 7. Nd2 cxd4 8. cxd4
Nf5 9. Nf3 Bb4+ 10. Bd2 Bxd2+ 11. Qxd2 O-O 12. Nh5 Qe7 13. h4 Ba6 14. g4 Nh6
15. Qg5 Qxg5 16. hxg5 Nxg4 17. Rh4 Bxf1 18. Kxf1 g6 19. Nf4 h5 20. gxh6 1-0

[Event "NED-ch 2002 sf"]
[Site "Leeuwarden"]
[Date "2001.12.08"]
[Round "2.2"]
[White "Jonkman, Harmen"]
[Black "Van Mil, Johan"]
[Result "1/2-1/2"]
[WhiteElo "2491"]
[BlackElo "2416"]
[PlyCount "85"]
[EventDate "2001.11.17"]

1. e4 g6 2. d4 Bg7 3. Nf3 c6 4. Nbd2 d5 5. h3 Nh6 6. Bd3 O-O 7. O-O a5 8. Re1
Na6 9. Bf1 a4 10. a3 Nc7 11. exd5 cxd5 12. Ne5 f6 13. Nd3 Nf7 14. Nf3 g5 15. g3
Re8 16. h4 h6 17. hxg5 hxg5 18. Nh2 e5 19. dxe5 fxe5 20. Nb4 e4 21. c3 Qd6 22.
Be3 Bf5 23. Qh5 Bg6 24. Qg4 Ne5 25. Qe2 Ne6 26. Rad1 Nd3 27. Nxd3 exd3 28. Qg4
d4 29. Bxd3 Bxd3 30. Rxd3 Qa6 31. Bxd4 Nxd4 32. Rxe8+ Rxe8 33. Rxd4 Bxd4 34.
cxd4 Qh6 35. Nf3 Re7 36. Kg2 Rg7 37. d5 Qf6 38. Qxa4 g4 39. Qe8+ Kh7 40. Qh5+
Qh6 41. Qf5+ Kg8 42. Qc8+ Kh7 43. Qf5+ 1/2-1/2

[Event "NED-ch 2002 sf"]
[Site "Leeuwarden"]
[Date "2001.12.08"]
[Round "2.1"]
[White "De Vreugt, Dennis"]
[Black "Nijboer, Friso"]
[Result "0-1"]
[WhiteElo "2437"]
[BlackElo "2565"]
[PlyCount "90"]
[EventDate "2001.11.17"]

1. e4 c5 2. Nf3 Nc6 3. d4 cxd4 4. Nxd4 Nf6 5. Nc3 d6 6. Bc4 Qb6 7. Nde2 e6 8.
Bb3 Be7 9. Ng3 Bd7 10. Be3 Qc7 11. Nh5 Nxh5 12. Qxh5 a6 13. Na4 Qa5+ 14. Qxa5
Nxa5 15. Nb6 Rd8 16. f3 O-O 17. O-O-O Nxb3+ 18. axb3 Bc6 19. Rhe1 f5 20. exf5
Rxf5 21. Re2 Kf7 22. Rde1 h5 23. f4 Bf6 24. g3 e5 25. Nc4 b5 26. fxe5 dxe5 27.
Nd2 g5 28. Bb6 Rc8 29. Ne4 Bxe4 30. Rxe4 g4 31. c4 Rf3 32. Kc2 Kg6 33. R1e2 Kf5
34. Ba5 h4 35. Bc3 hxg3 36. hxg3 Rc5 37. Bb4 Rc6 38. Be1 b4 39. Bxb4 Rxg3 40.
Bc3 Rf3 41. b4 g3 42. c5 g2 43. Rxe5+ Bxe5 44. Rxg2 Bxc3 45. bxc3 Rg6 0-1

[Event "NED-ch 2002 sf"]
[Site "Leeuwarden"]
[Date "2001.12.08"]
[Round "2.1"]
[White "Hoogendoorn, Joost"]
[Black "Werle, Jan"]
[Result "1/2-1/2"]
[WhiteElo "2388"]
[BlackElo "2459"]
[PlyCount "131"]
[EventDate "2001.11.17"]

1. e4 e6 2. d4 d5 3. e5 c5 4. c3 Qb6 5. Nf3 Bd7 6. a3 Bb5 7. Bxb5+ Qxb5 8. a4
Qb6 9. dxc5 Bxc5 10. b4 Bf8 11. Be3 Qc7 12. O-O Nc6 13. Na3 Nh6 14. Nb5 Qd7 15.
Bxh6 gxh6 16. Qd2 Rg8 17. Qf4 Rd8 18. Rfe1 Rg6 19. h4 h5 20. Ng5 a6 21. Nd6+
Bxd6 22. exd6 h6 23. Nh7 Qxd6 24. Nf6+ Kf8 25. Nxh5 Qxf4 26. Nxf4 Rg4 27. g3
Ne7 28. Kg2 Rc8 29. Ra3 Rxf4 30. gxf4 Rc4 31. a5 Nf5 32. Rb1 Nxh4+ 33. Kf1 Nf5
34. b5 axb5 35. Rxb5 Rc7 36. Rb6 Ke7 37. Ke2 Nd6 38. Rb4 Nc4 39. Ra1 Kf6 40.
Kd3 Kf5 41. Rh1 Nxa5 42. Rxh6 Nc4 43. Rh4 b6 44. Ke2 Ra7 45. Kf3 Ra3 46. Rh5+
Kg6 47. Kg4 f5+ 48. Kh4 Rxc3 49. Rg5+ Kf6 50. Rg3 Rc2 51. Rf3 Ra2 52. Kh3 Ke7
53. Kg2 Kd6 54. Rh3 Kc5 55. Rb1 Re2 56. Rh8 Re4 57. Kg3 Kd4 58. Rc8 Kd3 59.
Rb3+ Kd2 60. Rc6 Re1 61. Kg2 Re2 62. Kf3 e5 63. Rb5 Ke1 64. Rb1+ Kd2 65. Rb5
Ke1 66. Rb1+ 1/2-1/2

[Event "NED-ch 2002 sf"]
[Site "Leeuwarden"]
[Date "2001.12.09"]
[Round "2.2"]
[White "Nijboer, Friso"]
[Black "De Vreugt, Dennis"]
[Result "1/2-1/2"]
[WhiteElo "2565"]
[BlackElo "2437"]
[PlyCount "56"]
[EventDate "2001.11.17"]

1. e4 e5 2. Nf3 Nc6 3. Bb5 a6 4. Ba4 Nf6 5. O-O Be7 6. Re1 b5 7. Bb3 O-O 8. h3
Bb7 9. d3 d6 10. a3 Qd7 11. Nc3 Rae8 12. Be3 Bd8 13. Ne2 d5 14. Ng3 h6 15. c3
d4 16. cxd4 Nxd4 17. Nxd4 exd4 18. Bd2 c5 19. Qf3 Kh7 20. Rac1 Bb6 21. Nf5 c4
22. Nxg7 Kxg7 23. Bxh6+ Kxh6 24. Qxf6+ Kh7 25. Qh4+ Kg6 26. Qg3+ Kh7 27. Qh4+
Kg6 28. Qg3+ Kh7 1/2-1/2

[Event "NED-ch 2002 sf"]
[Site "Leeuwarden"]
[Date "2001.12.09"]
[Round "2.2"]
[White "Tondivar, Babak"]
[Black "Visser, Yge"]
[Result "0-1"]
[WhiteElo "2328"]
[BlackElo "2453"]
[PlyCount "46"]
[EventDate "2001.11.17"]

1. d4 Nf6 2. c4 g6 3. g3 Bg7 4. Bg2 O-O 5. Nc3 d6 6. Nf3 Nbd7 7. O-O e5 8. e3
Re8 9. a4 a5 10. b3 c6 11. Ba3 Bf8 12. Qc2 exd4 13. exd4 Nb6 14. Nh4 d5 15.
Bxf8 Kxf8 16. c5 Nbd7 17. Qd2 b6 18. Qf4 bxc5 19. Qd6+ Kg7 20. Qxc6 Ra6 21. Qb5
cxd4 22. Nxd5 Nxd5 23. Bxd5 Rd6 0-1

[Event "NED-ch 2002 sf"]
[Site "Leeuwarden"]
[Date "2001.12.09"]
[Round "2.2"]
[White "Solleveld, Maarten"]
[Black "Janssen, Ruud"]
[Result "0-1"]
[WhiteElo "2413"]
[BlackElo "2475"]
[PlyCount "118"]
[EventDate "2001.11.17"]

1. e4 c6 2. d4 d5 3. exd5 cxd5 4. c4 Nf6 5. Nc3 e6 6. Nf3 Bb4 7. cxd5 Nxd5 8.
Qc2 Qc7 9. Bd2 Nd7 10. Bd3 Bxc3 11. bxc3 N5f6 12. O-O b6 13. Qc1 Bb7 14. Bf4
Qc8 15. Ne5 O-O 16. c4 Nxe5 17. Bxe5 Nd7 18. Bg3 e5 19. Qc2 exd4 20. Bxh7+ Kh8
21. Bf5 Qc6 22. f3 Nc5 23. Be5 d3 24. Bxd3 Nxd3 25. Qxd3 Rfd8 26. Qc3 f6 27.
Bg3 Ba6 28. Rac1 Rac8 29. Rfe1 Bxc4 30. a3 Rd3 31. Qb4 a5 32. Qe7 b5 33. Bf2
Qd7 34. Qe4 Rxa3 35. Red1 Qe6 36. Qxe6 Bxe6 37. Rxc8+ Bxc8 38. Bc5 b4 39. Rd8+
Kh7 40. Rxc8 Rc3 41. Kf2 a4 42. Ra8 Rxc5 43. Rxa4 b3 44. Rb4 Rc2+ 45. Kg3 b2
46. h4 Kg6 47. f4 Kf5 48. Kf3 Ke6 49. g4 Kd5 50. g5 Kc5 51. Rb8 f5 52. h5 Kc4
53. h6 gxh6 54. gxh6 Rc3+ 55. Ke2 Rh3 56. Kd2 Rh2+ 57. Kd1 Kc3 58. Rc8+ Kd3 59.
Rd8+ Ke3 0-1

[Event "NED-ch 2002 sf"]
[Site "Leeuwarden"]
[Date "2001.12.09"]
[Round "2.3"]
[White "Bosch, Jeroen"]
[Black "Hendriks, Willy"]
[Result "1-0"]
[WhiteElo "2454"]
[BlackElo "2372"]
[PlyCount "119"]
[EventDate "2001.11.17"]

1. e4 d6 2. d4 Nf6 3. Nc3 g6 4. g3 Bg7 5. Bg2 O-O 6. Nge2 e5 7. h3 c6 8. a4
exd4 9. Nxd4 Na6 10. O-O Re8 11. a5 Nc5 12. Re1 a6 13. Bf4 Nh5 14. Be3 Qe7 15.
Qd2 Bd7 16. g4 Nf6 17. Bf4 Rad8 18. Rad1 Bc8 19. Qe3 Qc7 20. Qg3 Ne6 21. Nxe6
Rxe6 22. Ra1 Qe7 23. Red1 Ne8 24. Be3 Nc7 25. Rd3 Nb5 26. Na4 Rxe4 27. Bxe4
Qxe4 28. Nc3 Nxc3 29. bxc3 Be6 30. Bb6 Be5 31. Qe3 Qxe3 32. Rxe3 Rd7 33. Bd4 f6
34. f4 Bxd4 35. cxd4 Bf7 36. Rb1 Kf8 37. Kf2 Bc4 38. Rb4 d5 39. Rb1 Kf7 40.
Rbe1 Rc7 41. Re8 Bb5 42. Rh8 Kg7 43. Ree8 c5 44. Reg8+ Kh6 45. Rc8 Rxc8 46.
Rxc8 cxd4 47. Rc7 d3 48. cxd3 Bxd3 49. Rxb7 Bc4 50. Ke3 g5 51. f5 Bf1 52. Rf7
Bxh3 53. Rxf6+ Kg7 54. Rxa6 Bxg4 55. f6+ Kf7 56. Rd6 h5 57. a6 d4+ 58. Kxd4 Bf3
59. a7 h4 60. Rd5 1-0

[Event "NED-ch 2002 sf"]
[Site "Leeuwarden"]
[Date "2001.12.09"]
[Round "2.4"]
[White "Hoogendoorn, Joost"]
[Black "Werle, Jan"]
[Result "1/2-1/2"]
[WhiteElo "2388"]
[BlackElo "2459"]
[PlyCount "69"]
[EventDate "2001.11.17"]

1. e4 e6 2. a3 d5 3. e5 c5 4. b4 a5 5. bxc5 Bxc5 6. d4 Be7 7. Bd3 Nc6 8. Nf3 h5
9. h4 Nh6 10. Bg5 b6 11. Nc3 Ba6 12. Nb5 Kf8 13. Rh3 Na7 14. a4 Nxb5 15. axb5
Bc8 16. Qd2 Qc7 17. Bxe7+ Qxe7 18. Kf1 Nf5 19. Kg1 Bd7 20. c4 dxc4 21. Bxc4 Rd8
22. Rc1 Qb4 23. Qxb4+ axb4 24. Bd3 g6 25. Rb1 Bc8 26. Rxb4 Bb7 27. Ng5 Rxd4 28.
Rxd4 Nxd4 29. Be4 Bxe4 30. Nxe4 Nxb5 31. Rb3 Nd4 32. Rxb6 Kg7 33. Rd6 Nf5 34.
Rd7 Re8 35. g3 1/2-1/2

[Event "NED-ch 2002 sf"]
[Site "Leeuwarden"]
[Date "2001.12.09"]
[Round "2.5"]
[White "Werle, Jan"]
[Black "Hoogendoorn, Joost"]
[Result "0-1"]
[WhiteElo "2459"]
[BlackElo "2388"]
[PlyCount "208"]
[EventDate "2001.11.17"]

1. e4 d5 2. exd5 Nf6 3. Bb5+ Nbd7 4. c4 a6 5. Ba4 b5 6. cxb5 Nb6 7. Bb3 axb5 8.
Nf3 Nfxd5 9. d4 e6 10. O-O Be7 11. Nc3 O-O 12. Ne4 Nf6 13. Ng3 Bb7 14. Be3 Nbd5
15. Bd2 c5 16. dxc5 Bxc5 17. Rc1 Qb6 18. Qe2 Ba6 19. Ne5 Bd4 20. Bg5 Qd6 21.
Nf3 b4 22. Bc4 Bxc4 23. Qxc4 Bxb2 24. Rcd1 Qa6 25. Qh4 Rac8 26. Rd2 Bc3 27. Re2
Rc4 28. Qh3 Nf4 29. Bxf4 Rxf4 30. Rd1 Rg4 31. Rc2 Qa4 32. Rdc1 Rd8 33. Nf1 Rg6
34. Ne3 Ne4 35. Qh4 Qa8 36. a3 Bf6 37. Qf4 bxa3 38. Nc4 a2 39. Rxa2 Qxa2 40.
Qxe4 Qb3 41. Ne3 h5 42. h3 Be7 43. Ne5 Rg5 44. Nc6 Qa3 45. Rb1 Rf8 46. Rb7 Bd6
47. Rb1 Rc5 48. Nd4 Rc1+ 49. Rxc1 Qxc1+ 50. Nf1 Rb8 51. Nf3 Qf4 52. Qd3 Rd8 53.
Qe2 e5 54. g3 Qf5 55. h4 Bc5 56. Ng5 Re8 57. Nd2 Qg4 58. Qd3 Qd1+ 59. Kg2 e4
60. Qc4 Rf8 61. Ndxe4 Be7 62. Qb5 Qd8 63. Qf5 g6 64. Qe5 Re8 65. Qf4 Bxg5 66.
Nxg5 Qd7 67. Qf6 Qb7+ 68. Nf3 Qe7 69. Qf4 Qe4 70. Qf6 Ra8 71. Qc3 Rd8 72. Kh2
Qe2 73. Kg2 Qe4 74. Kh2 Qd3 75. Qf6 Rd6 76. Qf4 Qa6 77. Qe4 Qc6 78. Qxc6 Rxc6
79. Kg2 Kg7 80. Ng5 Rc3 81. Ne4 Ra3 82. Ng5 f6 83. Ne4 Kf7 84. Nd2 Ke6 85. Nc4
Rc3 86. Ne3 Ke5 87. Kf3 Rb3 88. Kg2 Ke4 89. Nc4 Rd3 90. Nb6 Rd4 91. Nc8 g5 92.
hxg5 fxg5 93. Ne7 Rd6 94. Nc8 Re6 95. Na7 Kd5 96. Nb5 Kc4 97. Na3+ Kb3 98. Nb5
Kc4 99. Na3+ Kd3 100. Nb5 Rc6 101. Na7 Rc5 102. Kh3 Kd4 103. f4 gxf4 104. gxf4
Ke4 0-1

[Event "NED-ch 2002 sf"]
[Site "Leeuwarden"]
[Date "2001.12.09"]
[Round "2.3"]
[White "Werle, Jan"]
[Black "Hoogendoorn, Joost"]
[Result "1/2-1/2"]
[WhiteElo "2459"]
[BlackElo "2388"]
[PlyCount "75"]
[EventDate "2001.11.17"]

1. e4 d5 2. exd5 Nf6 3. Nf3 Nxd5 4. d4 Bg4 5. Be2 Nc6 6. O-O e6 7. c4 Nb6 8.
Be3 Bxf3 9. Bxf3 Nxc4 10. Qa4 Nb6 11. Bxc6+ bxc6 12. Qxc6+ Qd7 13. Qf3 Bd6 14.
Nc3 O-O 15. Ne4 Nd5 16. Rac1 Rab8 17. b3 Qe7 18. Bg5 Qd7 19. Bh4 a5 20. Rc4
Rfd8 21. Bg3 a4 22. Nxd6 cxd6 23. bxa4 Rdc8 24. Rxc8+ Rxc8 25. a5 Rc3 26. Rb1
Qc7 27. Qd1 h6 28. h4 Rc6 29. Qa4 Nc3 30. Rb8+ Kh7 31. Qc2+ f5 32. Qb3 Nd5 33.
h5 Qxa5 34. Kh2 Qe1 35. Qa4 Rc1 36. Rh8+ Kxh8 37. Qe8+ Kh7 38. Qg6+ 1/2-1/2

[Event "NED-ch 2002 sf"]
[Site "Leeuwarden"]
[Date "2001.03.09"]
[Round "3.1"]
[White "Hoogendoorn, Joost"]
[Black "Van der Wiel, John"]
[Result "1/2-1/2"]
[WhiteElo "2388"]
[BlackElo "2495"]
[PlyCount "58"]
[EventDate "2001.11.17"]

1. e4 c5 2. Nf3 e6 3. d4 cxd4 4. Nxd4 Nf6 5. Nc3 Nc6 6. Ndb5 d6 7. Bf4 e5 8.
Bg5 a6 9. Bxf6 gxf6 10. Na3 b5 11. Nd5 f5 12. g3 fxe4 13. Bg2 Be6 14. Bxe4 Bg7
15. c3 O-O 16. O-O Rb8 17. Nc2 Qd7 18. a4 Bg4 19. f3 Bh3 20. Rf2 f5 21. Bd3
bxa4 22. Nce3 f4 23. Nc4 Ne7 24. Be4 Nxd5 25. Bxd5+ Kh8 26. Qxa4 Rb5 27. Qd1
Be6 28. Bxe6 Qxe6 29. Na3 Rb6 1/2-1/2

[Event "NED-ch 2002 sf"]
[Site "Leeuwarden"]
[Date "2001.03.09"]
[Round "3.1"]
[White "Bosch, Jeroen"]
[Black "Janssen, Ruud"]
[Result "1/2-1/2"]
[WhiteElo "2454"]
[BlackElo "2475"]
[PlyCount "82"]
[EventDate "2001.11.17"]

1. d4 Nf6 2. c4 e6 3. Nc3 Bb4 4. e3 c5 5. Nge2 cxd4 6. exd4 O-O 7. a3 Be7 8.
Nf4 d6 9. Be3 Nc6 10. d5 e5 11. dxc6 exf4 12. Bxf4 bxc6 13. Bd3 d5 14. O-O Bg4
15. Qa4 d4 16. Ne4 Nh5 17. Bd2 c5 18. b4 cxb4 19. axb4 f5 20. Ng3 Nxg3 21. hxg3
Bg5 22. f4 Bf6 23. Rfe1 h5 24. Qa5 Qd7 25. Qa6 h4 26. gxh4 Rfe8 27. Rxe8+ Qxe8
28. Re1 Qh5 29. Qc6 Rf8 30. g3 Bxh4 31. Qd5+ Kh7 32. Qg2 Bf6 33. Kf2 Qf7 34.
Qh1+ Kg6 35. Qh2 Re8 36. Rxe8 Qxe8 37. Qh1 Qa4 38. Qb1 Qc6 39. Kg1 Qf3 40. Be1
Bh3 41. Qc2 Qe3+ 1/2-1/2

[Event "NED-ch 2002 sf"]
[Site "Leeuwarden"]
[Date "2001.03.09"]
[Round "3.1"]
[White "Jonkman, Harmen"]
[Black "Visser, Yge"]
[Result "1-0"]
[WhiteElo "2491"]
[BlackElo "2453"]
[PlyCount "65"]
[EventDate "2001.11.17"]

1. e4 e6 2. d4 d5 3. e5 c5 4. c3 Nc6 5. Nf3 Nh6 6. a3 Nf5 7. b4 cxd4 8. cxd4
Be7 9. Nc3 Bd7 10. g3 Rc8 11. Ne2 Qb6 12. h4 a5 13. g4 Nh6 14. b5 Qxb5 15. Nc3
Qb6 16. Rb1 Qd8 17. Rg1 a4 18. Nb5 Na5 19. Bg5 O-O 20. Bd3 Bxb5 21. Rxb5 Nb3
22. Ke2 Qd7 23. Rxb3 axb3 24. Qxb3 Kh8 25. Bb1 Ng8 26. Qd3 g6 27. h5 Qa4 28.
Rh1 Kg7 29. hxg6 hxg6 30. Qe3 Qb5+ 31. Bd3 Qb2+ 32. Nd2 Rc2 33. Bh6+ 1-0

[Event "NED-ch 2002 sf"]
[Site "Leeuwarden"]
[Date "2001.03.10"]
[Round "3.2"]
[White "Van der Wiel, John"]
[Black "Hoogendoorn, Joost"]
[Result "1-0"]
[WhiteElo "2495"]
[BlackElo "2388"]
[PlyCount "80"]
[EventDate "2001.11.17"]

1. e4 Nc6 2. d4 d5 3. e5 Bf5 4. Nf3 Qd7 5. c3 f6 6. Bb5 a6 7. Ba4 e6 8. exf6
gxf6 9. Nh4 Bg6 10. O-O Bd6 11. Re1 Nge7 12. Nd2 Kf7 13. a3 b5 14. Bb3 Nf5 15.
Nxf5 Bxf5 16. Nf1 h5 17. a4 Rag8 18. axb5 axb5 19. Ne3 Ne7 20. Nxf5 Nxf5 21.
Bc2 Nh4 22. g3 Ng6 23. Qf3 Nh4 24. Qd1 Ng6 25. Bxg6+ Rxg6 26. Qf3 h4 27. Bf4
hxg3 28. fxg3 Bxf4 29. Qxf4 c6 30. Ra2 Rf8 31. Rea1 Kg8 32. Ra7 Qe8 33. Qh4 Rg7
34. Rxg7+ Kxg7 35. Qg4+ Qg6 36. Qxe6 Re8 37. Qd7+ Kg8 38. Qxc6 Re3 39. Ra8+ Kg7
40. Qd7+ Kh6 1-0

[Event "NED-ch 2002 sf"]
[Site "Leeuwarden"]
[Date "2001.03.10"]
[Round "3.2"]
[White "Stellwagen, Daniel"]
[Black "Nijboer, Friso"]
[Result "1/2-1/2"]
[WhiteElo "2384"]
[BlackElo "2565"]
[PlyCount "58"]
[EventDate "2001.11.17"]

1. c4 Nf6 2. Nc3 d5 3. cxd5 Nxd5 4. Nf3 g6 5. Qa4+ Bd7 6. Qh4 Bc6 7. Qd4 f6 8.
e4 Nxc3 9. dxc3 e5 10. Qe3 Nd7 11. b4 b5 12. a4 a5 13. axb5 axb4 14. Rxa8 Bxa8
15. Bc4 Nb6 16. Ba2 Na4 17. cxb4 Bxb4+ 18. Bd2 Bxd2+ 19. Nxd2 Qd4 20. Qb3 Rf8
21. O-O Nc5 22. Qa3 Bb7 23. Nf3 Qd6 24. Rc1 Nd7 25. Qxd6 cxd6 26. Rc7 Bxe4 27.
Nd2 Ba8 28. Nc4 d5 29. Ra7 dxc4 1/2-1/2

[Event "NED-ch 2002 sf"]
[Site "Leeuwarden"]
[Date "2001.03.10"]
[Round "3.3"]
[White "Bosch, Jeroen"]
[Black "Janssen, Ruud"]
[Result "0-1"]
[WhiteElo "2454"]
[BlackElo "2475"]
[PlyCount "122"]
[EventDate "2001.11.17"]

1. d4 Nf6 2. c4 c5 3. d5 e6 4. Nc3 exd5 5. cxd5 d6 6. e4 g6 7. Nge2 Bg7 8. Ng3
O-O 9. Be2 a6 10. a4 Nbd7 11. O-O Rb8 12. Bg5 h6 13. Be3 Ne8 14. Qd2 Kh7 15. f4
Nc7 16. e5 dxe5 17. f5 Ne8 18. d6 Qa5 19. Bd3 Ndf6 20. fxg6+ fxg6 21. Nge4 Bf5
22. Nxf6+ Rxf6 23. d7 Bxd7 24. Bxg6+ Rxg6 25. Qxd7 Rd8 26. Qxb7 Nd6 27. Qd5 Qb4
28. Rf2 Rc8 29. Rd1 Qg4 30. Bxc5 Rxc5 31. Qxc5 Ne4 32. Nxe4 Qxd1+ 33. Rf1 Qxa4
34. b4 Qa2 35. Ng3 Qd2 36. Qc4 Qd4+ 37. Qxd4 exd4 38. Nf5 Rb6 39. Nxg7 Kxg7 40.
Ra1 Kf6 41. Kf2 Ke5 42. Ke2 Ke4 43. Kd2 Rxb4 44. Rxa6 Rb2+ 45. Kc1 Rxg2 46.
Rxh6 Kd3 47. Rh3+ Ke2 48. Kc2 Rg8 49. Rh7 d3+ 50. Kb2 Rb8+ 51. Kc3 Rc8+ 52. Kb2
d2 53. Re7+ Kd1 54. h4 Rb8+ 55. Ka2 Rb5 56. Re8 Kc2 57. Rc8+ Kd3 58. Rd8+ Kc3
59. Rd7 Rb4 60. h5 Rd4 61. Rc7+ Kd3 0-1